[Event "Titled Tuesday intern op 29th Nov Late"]
[Site "Chess.com INT"]
[Date "2022.11.29"]
[Round "1"]
[White "Hjartarson, Johann"]
[Black "Wieczorek, Zbigniew"]
[Result "0-1"]
[WhiteElo "2476"]
[BlackElo "2155"]
[PlyCount "64"]
[EventDate "2022.11.29"]
[EventType "swiss (blitz)"]
[EventRounds "11"]
[EventCountry "USA"]
[SourceTitle "EXT 2024"]
[Source "ChessBase"]
[SourceDate "2023.10.10"]
[SourceVersion "1"]
[SourceVersionDate "2023.10.10"]
[SourceQuality "1"]

1. d4 Nf6 2. c4 e6 3. Nf3 Bb4+ 4. Nbd2 c5 5. a3 Bxd2+ 6. Bxd2 b6 7. e3 Bb7 8. Bd3 d6 9. 0-0 Nbd7 10. b4 0-0 11. Bc3 Qe7 12. Qe2 e5 13. Nd2 Rfe8 14. dxc5 dxc5 15. Bf5 Nf8 16. Rfd1 Ng6 17. Rab1 Rad8 18. Nb3 Ne4 19. Be1 Qg5 20. Qg4 Nh4 21. f4 Qxf5 22. Qxh4 Rxd1 23. Rxd1 exf4 24. exf4 Qg6 25. g3 f6 26. Qh3 Bc8 27. Qg2 Bg4 28. Rd5 Be6 29. Rd1 Bxc4 30. Nc1 Qg4 31. Qc2 Bb5 32. Nd3 Qf3 0-1

[Event "Titled Tuesday intern op 29th Nov Late"]
[Site "Chess.com INT"]
[Date "2022.11.29"]
[Round "2"]
[White "Korchmar, Vasiliy"]
[Black "Wieczorek, Zbigniew"]
[Result "0-1"]
[WhiteElo "2438"]
[BlackElo "2155"]
[PlyCount "94"]
[EventDate "2022.11.29"]
[EventType "swiss (blitz)"]
[EventRounds "11"]
[EventCountry "USA"]
[SourceTitle "EXT 2024"]
[Source "ChessBase"]
[SourceDate "2023.10.10"]
[SourceVersion "1"]
[SourceVersionDate "2023.10.10"]
[SourceQuality "1"]

1. e4 g6 2. d4 Bg7 3. Nc3 c6 4. Be3 d5 5. e5 f6 6. Nf3 Bg4 7. exf6 Nxf6 8. Be2 Bxf3 9. Bxf3 Nbd7 10. 0-0 e5 11. dxe5 Nxe5 12. Bc5 Kf7 13. g3 Nxf3+ 14. Qxf3 Re8 15. Rfe1 Qd7 16. Rxe8 Rxe8 17. Bxa7 Qg4 18. Qxg4 Nxg4 19. h3 Ne5 20. Kf1 Nc4 21. Nd1 Nd2+ 22. Kg2 Re1 23. c3 Nc4 24. Rb1 b5 25. Bc5 Nxb2 26. Rxb2 Rxd1 27. Bb4 Rd3 28. Rc2 c5 29. Bxc5 Rxc3 30. Rxc3 Bxc3 31. Kf1 d4 32. Ke2 Ke6 33. Kd3 Kd5 34. Bb6 h5 35. g4 hxg4 36. hxg4 Bb2 37. f3 g5 38. Bd8 Bc1 39. Bf6 Be3 40. Bg7 Kc5 41. Bf8+ Kd5 42. Bb4 Ke5 43. Bc5 Kf4 44. Ke2 d3+ 45. Kxd3 Bxc5 46. Ke2 Be3 47. a4 bxa4 0-1

[Event "Titled Tuesday intern op 29th Nov Late"]
[Site "Chess.com INT"]
[Date "2022.11.29"]
[Round "8"]
[White "Kovacevic, Radmila"]
[Black "Wieczorek, Zbigniew"]
[Result "1/2-1/2"]
[WhiteElo "2113"]
[BlackElo "2155"]
[PlyCount "44"]
[EventDate "2022.11.29"]
[EventType "swiss (blitz)"]
[EventRounds "11"]
[EventCountry "USA"]
[SourceTitle "EXT 2024"]
[Source "ChessBase"]
[SourceDate "2023.10.10"]
[SourceVersion "1"]
[SourceVersionDate "2023.10.10"]
[SourceQuality "1"]

1. e4 g6 2. h4 h5 3. d4 Bg7 4. c3 d6 5. Bg5 Nf6 6. f3 Nbd7 7. Bc4 c6 8. Nd2 d5 9. Bb3 dxe4 10. Nxe4 Qc7 11. Ne2 Nxe4 12. fxe4 e5 13. 0-0 0-0 14. g4 hxg4 15. h5 gxh5 16. Ng3 exd4 17. Nxh5 Nc5 18. Nxg7 Qg3+ 19. Kh1 Qh3+ 20. Kg1 Qg3+ 21. Kh1 Qh3+ 22. Kg1 Qg3+ 1/2-1/2